Biggest cities in Spain - Statistics

General Stats
  • This quiz has been taken 42 times
  • The average score is 12 of 15
Answer Stats
Population Autonomous
community
City % Correct
1,608,746 Catalonia Barcelona
100%
3,266,126 Madrid
100%
346,843 Basque Country Bilbao
98%
794,288 Valencia
98%
688,592 Andalusia Seville
93%
416,065 Balearic Islands Palma
86%
574,654 Andalusia Málaga
83%
674,997 Aragon Zaragoza
81%
379,925 Canary Islands Las Palmas
79%
325,701 Andalusia Córdoba
67%
453,258 Murcia
67%
334,887 Valencian Community Alicante
62%
295,364 Galicia Vigo
52%
298,412 Castille and León Valladolid
50%
271,780 Principality of Asturias Gijón
48%
No matching quizzes found
Score Distribution
Percent of People with Each Score
Percentile by Number Answered
Your Score History
You have not taken this quiz